La gran claridad de la Edad Media / (Record no. 45499)

MARC details
000 -LEADER
campo de control de longitud fija 00643nam a2200205 i 4500
001 - NÚMERO DE CONTROL
campo de control 45499
003 - IDENTIFICADOR DE NÚMERO DE CONTROL
campo de control ES-MaACL
005 - FECHA Y HORA DE LA ÚLTIMA TRANSACCIÓN
campo de control 20250724210009.0
007 - CAMPO FIJO DE DESCRIPCIÓN FÍSICA--INFORMACIÓN GENERAL
campo de control de longitud fija t|
008 - DATOS DE LONGITUD FIJA--INFORMACIÓN GENERAL
campo de control de longitud fija 030326s1948 ag ||||1| spa d
100 1# - ENTRADA PRINCIPAL--NOMBRE DE PERSONA
Nombre de persona Cohen, Gustave.
9 (RLIN) 39495
245 13 - MENCIÓN DEL TÍTULO
Título La gran claridad de la Edad Media /
Mención de responsabilidad, etc. Gustave Cohen ; [traducido por José Luis Romero].
260 ## - PUBLICACIÓN, DISTRIBUCIÓN, ETC.
Lugar de publicación, distribución, etc. Buenos Aires :
Nombre del editor, distribuidor, etc. Argos,
Fecha de publicación, distribución, etc. [1948] (
Fabricante López)
300 ## - DESCRIPCIÓN FÍSICA
Extensión 175 p. ;
Dimensiones 21 cm.
490 1# - MENCIÓN DE SERIE
Mención de serie Historia y viajes
700 1# - ENTRADA AGREGADA--NOMBRE PERSONAL
Nombre de persona Romero, José Luis.
9 (RLIN) 99332
830 00 - PUNTO DE ACCESO ADICIONAL DE SERIE-TÍTULO UNIFORME
Título uniforme Historia y viajes (Argos)
9 (RLIN) 229938
852 ## - LOCALIZACIÓN
Ubicación ES-MaACL
Número de control de estantería D-5594
Sublocalización o colección R.30715
Holdings
Estatus retirado Estado de pérdida Estado de daño No para préstamo Biblioteca de origen Biblioteca actual Ubicación en estantería Fecha de adquisición Fuente de adquisición Total de préstamos Signatura topográfica completa Código de barras Visto por última vez Precio de reemplazo Tipo de ítem Koha
        Biblioteca del Ateneo de Madrid Biblioteca del Ateneo de Madrid Sala Valle Inclán 17/01/2008     D-5594 901047872 23/02/2023 23/02/2023 Libro impreso